Statistiques concernant Les départements de France où la population augmente le plus vite

Cliquez ici pour prendre le quiz!

Statistiques générales

  • Ce quiz a été pris 100 fois
  • Le résultat moyen est 13 sur 22

Statistiques - réponses

Taux d'évolutionDépartement% Correct
+1,17%Gironde
79%
#Rhône
76%
#Var
75%
#Ille-et-Vilaine
73%
#Bas-Rhin
71%
+1,19%Hérault
70%
#Seine-Saint-Denis
70%
+1,20%Haute-Garonne
67%
+1,18%Loire-Atlantique
64%
#Morbihan
63%
#Landes
59%
#Val-de-Marne
59%
#Val-d'Oise
59%
#Seine-et-Marne
57%
#Ain
53%
#Pyrénées-Orientales
53%
#Vendée
51%
#Drôme
43%
+1,08%Haute-Savoie
42%
#Corse-du-Sud
39%
#Haute-Corse
39%
#Tarn-et-Garonne
30%

Distribution des résultats

Percentile par nombre de réponses

% des personnes avec chaque résultat

Votre développement - résultats

Vous n’avez pas pris ce quiz